00655nam a2200229 a 4500001001300000003000900013005001700022008004100039020002300080082001500103100001400118245003500132260003200167300000900199500003500208650002000243700001400263902000800277942000700285952011600292999001700408nice12345678IN_TiNIC20260116014201.0070416s2005 dela grp 000 0 eng  a8173917302 c45000a954.6bDHA aDhar, D N aKsahmirb A Kakeidoscopic View aDelhibKanishka Pub. c2005 a204p aincludes index and biblioraphy aKashmir-History1 aDhar, D N bSRS cBK 001040708StackRoom-aHMIbHMId2012-12-10g450.00l0o954.6 DHAp021480r2012-12-10v450.00w2007-04-16yBK c14226d14226